00519nam a2200157Ia 4500008004100000020001800041082001800059100002200077245005500099260002300154300001100177500003300188650003100221952009200252999001700344120622s9999 xx 000 0 und d a5-01-000624-3 a343.032 A469d aAltshuler, Arkadi aDerecho monetario internacional / Arkadi Altshuler aMoscú : Progreso a277 p. aIncluye índice de materias a1. MONEDA - LEGISLACIONÌ 00104070a01b01d2007-01-25l0o343.032 A469Dp01 006769r2012-06-24w2012-06-24yLB c55158d55158